Pharmaceutical production facilities (Record no. 72322)
[ view plain ]
| 000 -LEADER | |
|---|---|
| fixed length control field | 01241nam a2200325Ia 4500 |
| 082 04 - DEWEY DECIMAL CLASSIFICATION NUMBER | |
| Classification number | 615/.19 |
| 100 1# - MAIN ENTRY--AUTHOR NAME | |
| Personal name | Cole, Graham, |
| 245 10 - TITLE STATEMENT | |
| Title | Pharmaceutical production facilities |
| 250 ## - EDITION STATEMENT | |
| Edition statement | 2nd ed. |
| 260 ## - PUBLICATION, DISTRIBUTION, ETC. (IMPRINT) | |
| Place of publication | London ; |
| -- | Bristol, PA : |
| Name of publisher | Taylor & Francis, |
| Year of publication | c1998. |
| 300 ## - PHYSICAL DESCRIPTION | |
| Number of Pages | viii, 334 p. : |
| Other physical details | ill. |
| 650 #0 - SUBJECT ADDED ENTRY--TOPICAL TERM | |
| Topical Term | Pharmaceutical technology. |
| Topical Term | Drug factories |
| 856 40 - ELECTRONIC LOCATION AND ACCESS | |
| Uniform Resource Identifier | http://site.ebrary.com/lib/rucke/Doc?id=10056075 |
No items available.
